[Event "DVM U20 2022"]
[Site "Münster GER"]
[Date "2022.12.28"]
[Round "3"]
[White "Trinh, Felix Toan"]
[Black "Wang, Ruiming"]
[Result "0-1"]
[Termination "normal"]
[Board "4.6"]
[WhiteElo "1594"]
[BlackElo "1808"]
[WhiteClock "00:39:14"]
[BlackClock "00:27:37"]
[WhiteTeam "Schachverein Hemer 1932"]
[BlackTeam "Schachgemeinschaft Leipzig"]
[PlyCount "44"]
[WhiteFideId "34640134"]
[BlackFideId "16217659"]
[EventCountry "GER"]
[EventRounds "7"]
[EventType "team-swiss"]
[EventDate "2022.12.26"]

1. d4 {[%clk 01:30:56]} {[%emt 00:00:03]} Nf6 {[%clk 01:30:53]} {[%emt
00:00:07]} 2. Nf3 {[%clk 01:30:49]} {[%emt 00:00:37]} g6 {[%clk 01:31:13]}
{[%emt 00:00:10]} 3. Bf4 {[%clk 01:30:56]} {[%emt 00:00:22]} Bg7 {[%clk
01:31:11]} {[%emt 00:00:33]} 4. Qd2 {[%clk 01:31:17]} {[%emt 00:00:09]} Ne4
{[%clk 01:30:21]} {[%emt 00:01:20]} 5. Qd3 {[%clk 01:27:28]} {[%emt 00:04:19]}
d5 {[%clk 01:29:56]} {[%emt 00:00:56]} 6. c4 {[%clk 01:27:37]} {[%emt
00:00:22]} Nc6 {[%clk 01:02:54]} {[%emt 00:27:32]} 7. e3 {[%clk 01:19:48]}
{[%emt 00:08:18]} dxc4 {[%clk 00:51:58]} {[%emt 00:11:27]} 8. Qxc4 {[%clk
01:19:00]} {[%emt 00:01:17]} Be6 {[%clk 00:49:59]} {[%emt 00:02:29]} 9. Qc1
{[%clk 01:15:03]} {[%emt 00:04:26]} O-O {[%clk 00:48:32]} {[%emt 00:01:58]} 10.
Be2 {[%clk 01:13:31]} {[%emt 00:02:02]} Rc8 {[%clk 00:40:11]} {[%emt 00:08:52]}
11. O-O {[%clk 01:11:47]} {[%emt 00:02:13]} Bg4 {[%clk 00:36:32]} {[%emt
00:04:09]} 12. h3 {[%clk 01:08:44]} {[%emt 00:03:32]} Bf5 {[%clk 00:36:38]}
{[%emt 00:00:25]} 13. Nc3 {[%clk 01:04:54]} {[%emt 00:04:20]} Nb4 {[%clk
00:33:15]} {[%emt 00:03:53]} 14. Nxe4 {[%clk 00:54:43]} {[%emt 00:10:40]} Bxe4
{[%clk 00:33:38]} {[%emt 00:00:08]} 15. Qd2 {[%clk 00:53:54]} {[%emt 00:01:18]}
Nd5 {[%clk 00:32:40]} {[%emt 00:01:29]} 16. Bg3 {[%clk 00:50:40]} {[%emt
00:03:43]} Nb6 {[%clk 00:29:03]} {[%emt 00:04:08]} 17. Bd3 {[%clk 00:44:51]}
{[%emt 00:06:19]} Bxf3 {[%clk 00:28:49]} {[%emt 00:00:45]} 18. gxf3 {[%clk
00:45:12]} {[%emt 00:00:08]} Qd7 {[%clk 00:28:04]} {[%emt 00:01:16]} 19. Kg2
{[%clk 00:45:07]} c5 {[%clk 00:27:37]} {[%emt 00:01:33]} 20. dxc5 {[%clk
00:39:14]} Rxc5 {[%clk 00:27:37]} 21. Rfd1 {[%clk 00:39:14]} Rd8 {[%clk
00:27:37]} 22. Qe2 {[%clk 00:39:14]} Rd5 {[%clk 00:27:37]} 0-1

[Event "DVM U20 2022"]
[Site "Münster GER"]
[Date "2022.12.28"]
[Round "3"]
[White "Mooser, Nicolas"]
[Black "Beyer, Lorenz"]
[Result "1/2-1/2"]
[Termination "normal"]
[Board "5.2"]
[WhiteElo "2095"]
[BlackElo "1883"]
[WhiteClock "00:06:30"]
[BlackClock "00:11:39"]
[WhiteTeam "FC Ergolding 1932 e.V."]
[BlackTeam "Barnimer Schachfreunde im SV Stahl Finow e.V."]
[PlyCount "81"]
[WhiteFideId "12979406"]
[BlackFideId "16245393"]
[EventCountry "GER"]
[EventRounds "7"]
[EventType "team-swiss"]
[EventDate "2022.12.26"]

1. d4 {[%clk 01:30:54]} {[%emt 00:00:05]} d5 {[%clk 01:30:58]} {[%emt
00:00:03]} 2. c4 {[%clk 01:31:16]} {[%emt 00:00:08]} e6 {[%clk 01:31:25]}
{[%emt 00:00:04]} 3. Nf3 {[%clk 01:31:22]} {[%emt 00:00:23]} Nf6 {[%clk
01:31:52]} {[%emt 00:00:04]} 4. g3 {[%clk 01:31:46]} {[%emt 00:00:06]} Bb4
{[%clk 01:32:14]} {[%emt 00:00:08]} 5. Bd2 {[%clk 01:32:09]} {[%emt 00:00:06]}
Be7 {[%clk 01:32:42]} {[%emt 00:00:03]} 6. Bg2 {[%clk 01:32:07]} {[%emt
00:00:31]} O-O {[%clk 01:32:56]} {[%emt 00:00:17]} 7. O-O {[%clk 01:32:11]}
{[%emt 00:00:25]} Nbd7 {[%clk 01:33:18]} {[%emt 00:00:08]} 8. Qc2 {[%clk
01:30:56]} {[%emt 00:01:44]} c6 {[%clk 01:33:31]} {[%emt 00:00:18]} 9. b3
{[%clk 01:30:07]} {[%emt 00:01:19]} b6 {[%clk 01:33:29]} {[%emt 00:00:33]} 10.
Rd1 {[%clk 01:28:36]} {[%emt 00:02:00]} Bb7 {[%clk 01:31:30]} {[%emt 00:02:31]}
11. Nc3 {[%clk 01:25:48]} {[%emt 00:03:17]} Qc8 {[%clk 01:27:34]} {[%emt
00:04:26]} 12. Bf4 {[%clk 01:14:34]} {[%emt 00:11:42]} Nh5 {[%clk 01:27:16]}
{[%emt 00:00:50]} 13. Bc1 {[%clk 01:11:41]} {[%emt 00:03:23]} Nhf6 {[%clk
01:27:43]} {[%emt 00:00:04]} 14. Bb2 {[%clk 01:11:25]} {[%emt 00:00:45]} c5
{[%clk 01:24:20]} {[%emt 00:03:54]} 15. cxd5 {[%clk 01:08:45]} {[%emt
00:03:09]} Nxd5 {[%clk 01:22:16]} {[%emt 00:02:34]} 16. Nxd5 {[%clk 01:07:43]}
{[%emt 00:01:31]} Bxd5 {[%clk 01:20:51]} {[%emt 00:01:56]} 17. e4 {[%clk
01:06:28]} {[%emt 00:01:44]} Bb7 {[%clk 01:20:52]} {[%emt 00:00:30]} 18. d5
{[%clk 01:06:35]} {[%emt 00:00:23]} exd5 {[%clk 01:21:08]} {[%emt 00:00:14]}
19. exd5 {[%clk 01:06:56]} {[%emt 00:00:08]} Bf6 {[%clk 01:20:58]} {[%emt
00:00:42]} 20. Bxf6 {[%clk 00:59:51]} {[%emt 00:07:33]} Nxf6 {[%clk 01:19:02]}
{[%emt 00:02:27]} 21. Ne5 {[%clk 01:00:06]} {[%emt 00:00:15]} Qd8 {[%clk
01:16:07]} {[%emt 00:03:25]} 22. Rd2 {[%clk 00:50:43]} {[%emt 00:09:53]} Re8
{[%clk 01:09:09]} {[%emt 00:07:28]} 23. f4 {[%clk 00:44:45]} {[%emt 00:06:27]}
Qd6 {[%clk 01:07:31]} {[%emt 00:02:09]} 24. Rad1 {[%clk 00:39:16]} {[%emt
00:05:58]} Rad8 {[%clk 01:03:08]} {[%emt 00:04:55]} 25. Qf5 {[%clk 00:33:04]}
{[%emt 00:06:40]} Bc8 {[%clk 00:59:37]} {[%emt 00:04:02]} 26. Qd3 {[%clk
00:31:14]} {[%emt 00:02:19]} Bb7 {[%clk 00:56:32]} {[%emt 00:03:36]} 27. Qc4
{[%clk 00:30:49]} {[%emt 00:00:55]} Nd7 {[%clk 00:51:46]} {[%emt 00:05:16]} 28.
Nc6 {[%clk 00:28:04]} {[%emt 00:03:14]} Ra8 {[%clk 00:51:54]} {[%emt 00:00:23]}
29. Bf3 {[%clk 00:26:28]} {[%emt 00:02:05]} a6 {[%clk 00:49:10]} {[%emt
00:03:15]} 30. Re2 {[%clk 00:23:54]} {[%emt 00:03:03]} Nf6 {[%clk 00:32:54]}
{[%emt 00:16:46]} 31. Ne5 {[%clk 00:22:29]} {[%emt 00:01:54]} Rad8 {[%clk
00:31:31]} {[%emt 00:01:55]} 32. Red2 {[%clk 00:17:18]} {[%emt 00:05:40]} Nd7
{[%clk 00:31:23]} {[%emt 00:00:38]} 33. Nc6 {[%clk 00:16:41]} {[%emt 00:01:08]}
Rc8 {[%clk 00:30:12]} {[%emt 00:01:40]} 34. Qc2 {[%clk 00:15:53]} {[%emt
00:01:18]} Nf6 {[%clk 00:25:26]} {[%emt 00:05:16]} 35. Kg2 {[%clk 00:14:25]}
{[%emt 00:01:58]} h5 {[%clk 00:23:23]} {[%emt 00:02:34]} 36. Qf5 {[%clk
00:13:05]} {[%emt 00:01:50]} Rc7 {[%clk 00:15:21]} {[%emt 00:08:32]} 37. Ne5
{[%clk 00:09:36]} {[%emt 00:03:58]} Bc8 {[%clk 00:14:04]} {[%emt 00:01:48]} 38.
Qc2 {[%clk 00:09:41]} {[%emt 00:00:24]} b5 {[%clk 00:11:50]} {[%emt 00:02:45]}
39. Nc6 {[%clk 00:06:30]} {[%emt 00:03:41]} Bg4 {[%clk 00:11:39]} {[%emt
00:00:41]} 40. h3 {[%emt 00:05:27]} Bxf3 41. Kxf3 1/2-1/2

[Event "DVM U20 2022"]
[Site "Münster GER"]
[Date "2022.12.28"]
[Round "3"]
[White "Straßburg, Robin Leonard"]
[Black "Lichtmannecker, Daniel"]
[Result "1/2-1/2"]
[Termination "normal"]
[Board "5.3"]
[WhiteElo "1781"]
[BlackElo "2106"]
[WhiteClock "00:05:50"]
[BlackClock "00:23:52"]
[WhiteTeam "Barnimer Schachfreunde im SV Stahl Finow e.V."]
[BlackTeam "FC Ergolding 1932 e.V."]
[PlyCount "51"]
[WhiteFideId "16210018"]
[BlackFideId "12979414"]
[EventCountry "GER"]
[EventRounds "7"]
[EventType "team-swiss"]
[EventDate "2022.12.26"]

1. d4 {[%clk 01:30:57]} {[%emt 00:00:03]} Nf6 {[%clk 01:30:23]} {[%emt
00:00:37]} 2. Bf4 {[%clk 01:31:10]} {[%emt 00:00:16]} c5 {[%clk 01:30:31]}
{[%emt 00:00:22]} 3. e3 {[%clk 01:31:32]} {[%emt 00:00:09]} Nd5 {[%clk
01:30:57]} {[%emt 00:00:04]} 4. Bg3 {[%clk 01:31:25]} {[%emt 00:00:37]} Qb6
{[%clk 01:30:18]} {[%emt 00:01:09]} 5. Nc3 {[%clk 01:30:32]} {[%emt 00:01:23]}
Nxc3 {[%clk 01:28:49]} {[%emt 00:01:59]} 6. bxc3 {[%clk 01:30:51]} {[%emt
00:00:11]} d5 {[%clk 01:24:50]} {[%emt 00:04:29]} 7. Nf3 {[%clk 01:26:27]}
{[%emt 00:04:54]} e6 {[%clk 01:20:55]} {[%emt 00:04:24]} 8. Rb1 {[%clk
01:06:56]} {[%emt 00:20:01]} Qa5 {[%clk 01:20:11]} {[%emt 00:01:14]} 9. Qd2
{[%clk 01:06:26]} {[%emt 00:01:00]} Nc6 {[%clk 01:13:59]} {[%emt 00:06:42]} 10.
Bd3 {[%clk 00:53:44]} {[%emt 00:13:12]} cxd4 {[%clk 01:08:34]} {[%emt
00:05:55]} 11. exd4 {[%clk 00:53:19]} {[%emt 00:00:55]} Be7 {[%clk 01:08:07]}
{[%emt 00:00:56]} 12. O-O {[%clk 00:52:33]} {[%emt 00:01:16]} O-O {[%clk
01:07:40]} {[%emt 00:00:57]} 13. Rb5 {[%clk 00:39:20]} {[%emt 00:13:43]} Qxa2
{[%clk 01:01:54]} {[%emt 00:06:16]} 14. Rfb1 {[%clk 00:36:44]} {[%emt
00:03:05]} a6 {[%clk 00:58:09]} {[%emt 00:04:15]} 15. Rb6 {[%clk 00:31:47]}
{[%emt 00:05:27]} Qa5 {[%clk 00:56:15]} {[%emt 00:02:24]} 16. Bc7 {[%clk
00:20:01]} {[%emt 00:12:16]} Bd8 {[%clk 00:51:49]} {[%emt 00:04:55]} 17. Rxa6
{[%clk 00:19:25]} {[%emt 00:01:07]} Qxc7 {[%clk 00:46:28]} {[%emt 00:05:51]}
18. Rxa8 {[%clk 00:19:49]} {[%emt 00:00:06]} Na5 {[%clk 00:46:41]} {[%emt
00:00:17]} 19. Qe3 {[%clk 00:05:43]} {[%emt 00:14:36]} f6 {[%clk 00:40:28]}
{[%emt 00:06:43]} 20. Nd2 {[%clk 00:05:21]} {[%emt 00:00:52]} e5 {[%clk
00:36:57]} {[%emt 00:04:01]} 21. dxe5 {[%clk 00:05:31]} {[%emt 00:00:20]} fxe5
{[%clk 00:37:13]} {[%emt 00:00:14]} 22. Rxc8 {[%clk 00:04:57]} {[%emt
00:01:04]} Qxc8 {[%clk 00:36:59]} {[%emt 00:00:44]} 23. Qxe5 {[%clk 00:05:22]}
{[%emt 00:00:05]} Qd7 {[%clk 00:28:26]} {[%emt 00:09:03]} 24. Nf3 {[%clk
00:05:08]} {[%emt 00:00:44]} Bf6 {[%clk 00:27:00]} {[%emt 00:01:56]} 25. Qf5
{[%clk 00:05:24]} {[%emt 00:00:14]} Qxf5 {[%clk 00:23:52]} {[%emt 00:03:38]}
26. Bxf5 {[%clk 00:05:50]} {[%emt 00:00:04]} 1/2-1/2

[Event "DVM U20 2022"]
[Site "Münster GER"]
[Date "2022.12.28"]
[Round "3"]
[White "Astner, Sebastian"]
[Black "Hoffmann, Kay"]
[Result "0-1"]
[Termination "normal"]
[Board "5.4"]
[WhiteElo "1973"]
[BlackElo "1708"]
[WhiteClock "00:07:40"]
[BlackClock "00:46:06"]
[WhiteTeam "FC Ergolding 1932 e.V."]
[BlackTeam "Barnimer Schachfreunde im SV Stahl Finow e.V."]
[PlyCount "82"]
[WhiteFideId "12979422"]
[BlackFideId "16227000"]
[EventCountry "GER"]
[EventRounds "7"]
[EventType "team-swiss"]
[EventDate "2022.12.26"]

1. d4 {[%clk 01:30:59]} d5 {[%clk 01:30:49]} {[%emt 00:00:11]} 2. Nc3 {[%clk
01:31:23]} {[%emt 00:00:06]} Bf5 {[%clk 01:28:59]} {[%emt 00:02:21]} 3. Bf4
{[%clk 01:31:38]} {[%emt 00:00:16]} Nf6 {[%clk 01:29:05]} {[%emt 00:00:23]} 4.
e3 {[%clk 01:31:52]} {[%emt 00:00:16]} e6 {[%clk 01:29:11]} {[%emt 00:00:24]}
5. f3 {[%clk 01:31:09]} {[%emt 00:01:13]} Bd6 {[%clk 01:28:16]} {[%emt
00:01:25]} 6. g4 {[%clk 01:30:20]} {[%emt 00:01:20]} Bg6 {[%clk 01:24:51]}
{[%emt 00:03:55]} 7. h4 {[%clk 01:30:18]} {[%emt 00:00:32]} Bxf4 {[%clk
01:22:36]} {[%emt 00:02:45]} 8. exf4 {[%clk 01:30:41]} {[%emt 00:00:06]} h5
{[%clk 01:22:06]} {[%emt 00:01:00]} 9. g5 {[%clk 01:29:44]} {[%emt 00:01:27]}
Ng8 {[%clk 01:22:20]} {[%emt 00:00:16]} 10. Bd3 {[%clk 01:28:54]} {[%emt
00:01:19]} Ne7 {[%clk 01:22:33]} {[%emt 00:00:17]} 11. Nge2 {[%clk 01:27:22]}
{[%emt 00:02:02]} Nbc6 {[%clk 01:20:30]} {[%emt 00:02:33]} 12. Bxg6 {[%clk
01:26:15]} {[%emt 00:01:37]} Nxg6 {[%clk 01:20:17]} {[%emt 00:00:43]} 13. Qd3
{[%clk 01:25:11]} {[%emt 00:01:35]} Qd7 {[%clk 01:19:34]} {[%emt 00:01:14]} 14.
O-O-O {[%clk 01:22:13]} {[%emt 00:03:26]} O-O-O {[%clk 01:19:55]} {[%emt
00:00:09]} 15. Na4 {[%clk 01:21:15]} {[%emt 00:01:28]} Qd6 {[%clk 01:17:29]}
{[%emt 00:02:56]} 16. Nc5 {[%clk 01:17:38]} {[%emt 00:04:07]} Nxf4 {[%clk
01:10:26]} {[%emt 00:07:32]} 17. Nxf4 {[%clk 01:17:05]} {[%emt 00:01:03]} Qxf4
{[%clk 01:10:51]} {[%emt 00:00:06]} 18. Kb1 {[%clk 01:17:30]} {[%emt 00:00:05]}
Na5 {[%clk 01:10:49]} {[%emt 00:00:32]} 19. Qb5 {[%clk 01:12:56]} {[%emt
00:05:04]} b6 {[%clk 01:11:14]} {[%emt 00:00:06]} 20. Rd3 {[%clk 01:11:26]}
{[%emt 00:01:59]} bxc5 {[%clk 01:09:20]} {[%emt 00:02:23]} 21. Qxa5 {[%clk
01:09:07]} {[%emt 00:02:50]} c4 {[%clk 01:09:41]} {[%emt 00:00:09]} 22. Qa6
{[%clk 00:57:55]} {[%emt 00:11:43]} Kd7 {[%clk 01:08:44]} {[%emt 00:01:27]} 23.
Qa4 {[%clk 00:58:15]} {[%emt 00:00:10]} Ke7 {[%clk 01:06:58]} {[%emt 00:02:16]}
24. Ra3 {[%clk 00:58:00]} {[%emt 00:00:44]} Qxd4 {[%clk 01:07:05]} {[%emt
00:00:23]} 25. Qb4 {[%clk 00:58:22]} {[%emt 00:00:09]} Rd6 {[%clk 01:06:31]}
{[%emt 00:01:04]} 26. Ra6 {[%clk 00:57:28]} {[%emt 00:01:24]} Rhd8 {[%clk
01:02:49]} {[%emt 00:04:11]} 27. Qa3 {[%clk 00:55:18]} {[%emt 00:02:40]} Rb8
{[%clk 01:01:38]} {[%emt 00:01:41]} 28. Rxa7 {[%clk 00:43:31]} {[%emt
00:12:18]} Rxb2 {[%clk 00:59:45]} {[%emt 00:02:23]} 29. Kc1 {[%clk 00:43:30]}
{[%emt 00:00:31]} Qb6 {[%clk 00:59:58]} {[%emt 00:00:16]} 30. Rxc7 {[%clk
00:42:01]} {[%emt 00:01:59]} Qxc7 {[%clk 01:00:23]} {[%emt 00:00:05]} 31. Qxb2
{[%clk 00:41:42]} {[%emt 00:00:49]} Qc5 {[%clk 00:56:28]} {[%emt 00:04:25]} 32.
Re1 {[%clk 00:38:24]} {[%emt 00:03:49]} d4 {[%clk 00:54:08]} {[%emt 00:02:50]}
33. Kd1 {[%clk 00:17:45]} {[%emt 00:21:08]} Rb6 {[%clk 00:48:55]} {[%emt
00:05:43]} 34. Qc1 {[%clk 00:17:07]} {[%emt 00:01:08]} c3 {[%clk 00:45:49]}
{[%emt 00:03:37]} 35. f4 {[%clk 00:12:08]} {[%emt 00:05:29]} Rb2 {[%clk
00:45:07]} {[%emt 00:01:11]} 36. Re5 {[%clk 00:10:05]} {[%emt 00:02:34]} Qc4
{[%clk 00:44:29]} {[%emt 00:01:07]} 37. f5 {[%clk 00:06:16]} {[%emt 00:04:20]}
Qf1 {[%clk 00:44:52]} {[%emt 00:00:06]} 38. Re1 {[%clk 00:06:39]} {[%emt
00:00:08]} Qf3 {[%clk 00:45:17]} {[%emt 00:00:04]} 39. Re2 {[%clk 00:07:05]}
{[%emt 00:00:04]} d3 {[%clk 00:45:37]} {[%emt 00:00:10]} 40. f6 {[%clk
00:07:13]} {[%emt 00:00:21]} gxf6 {[%clk 00:45:54]} {[%emt 00:00:13]} 41. gxf6
{[%clk 00:07:40]} {[%emt 00:00:03]} Ke8 {[%clk 00:46:06]} {[%emt 00:00:18]} 0-1

[Event "DVM U20 2022"]
[Site "Münster GER"]
[Date "2022.12.28"]
[Round "3"]
[White "Mätzkow, Maximilian Paul"]
[Black "Schubert, Nikita"]
[Result "1-0"]
[Termination "normal"]
[Board "6.1"]
[WhiteTitle "FM"]
[WhiteElo "2281"]
[BlackElo "1939"]
[WhiteClock "00:19:57"]
[BlackClock "00:00:32"]
[WhiteTeam "SC Kreuzberg e.V."]
[BlackTeam "ESV Gera"]
[PlyCount "79"]
[WhiteFideId "24679933"]
[BlackFideId "16212339"]
[EventCountry "GER"]
[EventRounds "7"]
[EventType "team-swiss"]
[EventDate "2022.12.26"]

1. d4 {[%clk 01:30:59]} Nf6 {[%clk 01:30:53]} {[%emt 00:00:08]} 2. Bf4 {[%clk
01:31:25]} {[%emt 00:00:03]} d5 {[%clk 01:31:13]} {[%emt 00:00:10]} 3. e3
{[%clk 01:31:50]} {[%emt 00:00:06]} c5 {[%clk 01:31:19]} {[%emt 00:00:24]} 4.
Nc3 {[%clk 01:32:16]} {[%emt 00:00:04]} e6 {[%clk 01:24:56]} {[%emt 00:06:54]}
5. Nb5 {[%clk 01:32:06]} {[%emt 00:00:40]} Na6 {[%clk 01:24:59]} {[%emt
00:00:27]} 6. Be2 {[%clk 01:31:30]} {[%emt 00:01:05]} cxd4 {[%clk 01:16:51]}
{[%emt 00:08:38]} 7. exd4 {[%clk 01:31:34]} {[%emt 00:00:26]} Be7 {[%clk
01:16:34]} {[%emt 00:00:47]} 8. Nf3 {[%clk 01:31:39]} {[%emt 00:00:25]} O-O
{[%clk 01:16:14]} {[%emt 00:00:49]} 9. O-O {[%clk 01:31:37]} {[%emt 00:00:32]}
Bd7 {[%clk 01:07:25]} {[%emt 00:09:19]} 10. c3 {[%clk 01:28:30]} {[%emt
00:03:37]} Ne8 {[%clk 01:01:15]} {[%emt 00:06:40]} 11. Ne5 {[%clk 01:27:22]}
{[%emt 00:01:38]} Nac7 {[%clk 00:59:08]} {[%emt 00:02:37]} 12. Nxc7 {[%clk
01:22:01]} {[%emt 00:05:51]} Nxc7 {[%clk 00:59:23]} {[%emt 00:00:15]} 13. Bd3
{[%clk 01:20:28]} {[%emt 00:02:03]} Bf6 {[%clk 00:39:24]} {[%emt 00:20:29]} 14.
Re1 {[%clk 01:10:27]} {[%emt 00:10:30]} g6 {[%clk 00:35:40]} {[%emt 00:04:15]}
15. Qf3 {[%clk 01:09:41]} {[%emt 00:01:15]} Ne8 {[%clk 00:33:36]} {[%emt
00:02:34]} 16. Bh6 {[%clk 00:47:19]} {[%emt 00:22:52]} Bg7 {[%clk 00:33:49]}
{[%emt 00:00:17]} 17. Bxg7 {[%clk 00:47:11]} {[%emt 00:00:38]} Kxg7 {[%clk
00:29:13]} {[%emt 00:05:05]} 18. c4 {[%clk 00:40:44]} {[%emt 00:06:58]} Bc6
{[%clk 00:25:12]} {[%emt 00:04:32]} 19. c5 {[%clk 00:39:52]} {[%emt 00:01:22]}
a5 {[%clk 00:24:03]} {[%emt 00:01:39]} 20. b3 {[%clk 00:38:36]} {[%emt
00:01:46]} Nf6 {[%clk 00:19:28]} {[%emt 00:05:04]} 21. a3 {[%clk 00:38:16]}
{[%emt 00:00:50]} Nd7 {[%emt 00:00:29]} 22. Qe2 {[%clk 00:32:35]} {[%emt
00:06:04]} Nxe5 {[%clk 00:11:47]} {[%emt 00:08:20]} 23. Qxe5 {[%clk 00:32:55]}
{[%emt 00:00:10]} Qf6 {[%clk 00:12:03]} {[%emt 00:00:13]} 24. Qe3 {[%clk
00:31:27]} {[%emt 00:01:58]} Rfe8 {[%clk 00:11:51]} {[%emt 00:00:42]} 25. f4
{[%clk 00:31:48]} {[%emt 00:00:08]} h6 {[%clk 00:10:52]} {[%emt 00:01:30]} 26.
b4 {[%clk 00:31:39]} {[%emt 00:00:39]} g5 {[%clk 00:10:02]} {[%emt 00:01:21]}
27. fxg5 {[%clk 00:30:33]} {[%emt 00:01:36]} hxg5 {[%clk 00:10:00]} {[%emt
00:00:31]} 28. Rf1 {[%clk 00:29:50]} {[%emt 00:01:13]} Qe7 {[%clk 00:09:04]}
{[%emt 00:01:26]} 29. b5 {[%clk 00:30:13]} {[%emt 00:00:07]} Bd7 {[%clk
00:09:30]} {[%emt 00:00:05]} 30. Ra2 {[%clk 00:20:57]} {[%emt 00:09:47]} e5
{[%clk 00:08:45]} {[%emt 00:01:14]} 31. Raf2 {[%clk 00:20:37]} {[%emt
00:00:49]} e4 {[%clk 00:05:20]} {[%emt 00:03:56]} 32. Rxf7 {[%clk 00:19:20]}
{[%emt 00:01:47]} Qxf7 {[%clk 00:05:31]} {[%emt 00:00:19]} 33. Rxf7 {[%clk
00:19:44]} {[%emt 00:00:06]} Kxf7 {[%clk 00:05:52]} {[%emt 00:00:08]} 34. Be2
{[%clk 00:20:09]} {[%emt 00:00:04]} Kf6 {[%clk 00:01:38]} {[%emt 00:04:44]} 35.
Qf2 {[%clk 00:19:59]} {[%emt 00:00:40]} Kg6 {[%clk 00:01:21]} {[%emt 00:00:48]}
36. Qg3 {[%clk 00:20:24]} {[%emt 00:00:05]} Rac8 {[%clk 00:00:38]} {[%emt
00:01:12]} 37. h4 {[%clk 00:20:42]} {[%emt 00:00:11]} g4 {[%clk 00:00:35]}
{[%emt 00:00:34]} 38. Qd6 {[%clk 00:20:36]} {[%emt 00:00:36]} Be6 {[%clk
00:00:42]} {[%emt 00:00:23]} 39. Bxg4 {[%clk 00:20:05]} {[%emt 00:01:00]} Kf6
{[%clk 00:00:32]} {[%emt 00:00:41]} 40. Qe5 {[%clk 00:19:57]} {[%emt 00:00:38]}
1-0